000 00554nam a2200205 a 4500
005 20210219153535.0
008 991125n 000 0 u
035 _aUPN01000105528
100 _aMarshall, Gail
222 0 _aCOMPUTING TEACHER
245 0 _aZen and the art of evaluation
300 _a48-49
362 _a20, No. 8, 1993
505 _aOctubre 1993
653 0 _aDISEÑO ASISTIDO POR ORDENADOR
653 0 _aMETODOS DE EVALUACION
653 0 _aPROGRAMAS ORIENTADOS PARA COMPUTADORAS
904 _aAC
_b043339
905 _aArticulo
999 _c79499
_d79499